[Event "Harvard op 22nd"]
[Site "Cambridge"]
[Date "1994.05.07"]
[Round "1"]
[White "Robin, Jan"]
[Black "Belopolsky, Boris"]
[Result "0-1"]
[WhiteElo "2169"]
[BlackElo "2359"]
[PlyCount "78"]
[EventDate "1994.05.??"]
[EventType "swiss"]
[EventRounds "4"]
[EventCountry "USA"]
[SourceTitle "EXT 2005"]
[Source "ChessBase"]
[SourceDate "2004.11.15"]
[SourceVersion "1"]
[SourceVersionDate "2004.11.15"]
[SourceQuality "1"]

1. e4 c5 2. Nf3 e6 3. d4 cxd4 4. Nxd4 Nf6 5. Bd3 e5 6. Nf3 Nc6 7. Bg5 h6 8. Bh4 Bc5 9. Nc3 Bb4 10. 0-0 Bxc3 11. bxc3 g5 12. Bg3 d6 13. Rb1 Qe7 14. Qd2 Be6 15. c4 b6 16. Rfd1 Rc8 17. c5 bxc5 18. Ba6 Nxe4 19. Qd3 f5 20. Bxc8 Bxc8 21. c3 Be6 22. h4 c4 23. Qc2 Nc5 24. Ne1 f4 25. Qg6+ Kd7 26. Bh2 Kc7 27. Rb2 Qf7 28. Qxf7+ Bxf7 29. f3 Bg6 30. Kf1 e4 31. Rbd2 Rd8 32. g3 e3 33. Rd5 Ne6 34. gxf4 gxf4 35. Ng2 Bd3+ 36. Ke1 Rg8 37. Nxe3 fxe3 38. Rxd6 Nf4 39. Rf6 Rg1+ 0-1